| 000 | 00636nam a22001695i 4500 | ||
|---|---|---|---|
| 001 | 165936 | ||
| 003 | ES-MaACL | ||
| 005 | 20230906213231.0 | ||
| 008 | 030227s1870 xxk |||| | eng d | ||
| 040 |
_aCCPB | B _bspa _cCCPB | B |
||
| 245 | 0 | 0 |
_aSystems of land tenure in various countries _b: a series of essays published under the sanction of the Cobden Club. |
| 260 |
_aLondon : _bMacmillan and Co., _c1870. |
||
| 300 |
_aVI, 420 p. ; _c22 cm. |
||
| 650 | 4 |
_aTierra- _xPropiedad (Derecho) _9136929 |
|
| 710 | 2 |
_aCobden Club (London, England) _92870 |
|
| 852 |
_aES-MaACL _jC-2447 _z-- Enc. tela _z-- Este ejemp. tiene VI, 420, 39 p. |
||
| 999 |
_c165936 _d165936 |
||